MOP 92 Díl. 2 : Moderní programování. Seminář 31.5.-5.6. 1992 Hrdoňov

Gespeichert in:
Bibliographische Detailangaben
Format: Buch
Sprache:Tschechisch
Veröffentlicht: Praha : Československá informatická společnost, 1992
Tags: Tag hinzufügen
Keine Tags, Fügen Sie das erste Tag hinzu!

MARC

LEADER 00000nam a22000003a 4500
001 stu282602
005 20150408183154.2
008 140122s--------cs------------------cze-d
040 |a STU  |b slo 
041 0 |a cze 
044 |a cs 
245 |a MOP 92 Díl. 2 :  |b Moderní programování. Seminář 31.5.-5.6. 1992 Hrdoňov 
260 |a Praha :  |b Československá informatická společnost,  |c 1992 
300 |a 300 s 
996 |c I*Z9857  |l I  |s A  |a 24  |w stu282602_0001